[Event "Barcelona"]
[Site "?"]
[Date "1989.??.??"]
[Round "?"]
[White "Nogueiras, J."]
[Black "Kasparov, G."]
[Result "1/2-1/2"]
[WhiteElo "2575"]
[BlackElo "2775"]
[PlyCount "59"]
[EventDate "1989.??.??"]
[Source "www.chesslib.no"]
[SourceDate "2004.05.04"]

1. d4 Nf6 2. c4 g6 3. Nc3 Bg7 4. e4 d6 5. f4 O-O 6. Nf3 c5 7. d5 e6 8. Be2 exd5 9. cxd5 Bg4 10. O-O Nbd7 11. h3 Bxf3 12. Bxf3 Re8 13. Re1 Rc8 14. Be3 b5 15. Nxb5 Nxe4 16. Bxe4 Rxe4 17. Nxd6 Rxe3 18. Rxe3 Bd4 19. Qf3 Rb8 20. Kh2 Nf6 21. Nc4 Bxe3 22. Qxe3 Qxd5 23. Qe5 Re8 24. Qxd5 Nxd5 25. f5 Kg7 26. Rd1 Nf6 27. fxg6 hxg6 28. Rd2 Re1 29. Nd6 Ne4 30. Nxe4 1/2-1/2

[Event "32nd olm Yerevan ARM"]
[Site "?"]
[Date "1996.??.??"]
[Round "?"]
[White "Lautier, J."]
[Black "Rogers, I."]
[Result "1-0"]
[WhiteElo "2620"]
[BlackElo "2575"]
[PlyCount "63"]
[EventDate "1996.??.??"]
[Source "www.chesslib.no"]
[SourceDate "2004.05.04"]

1. c4 Nf6 2. Nc3 g6 3. e4 d6 4. d4 Bg7 5. f4 O-O 6. Nf3 c5 7. d5 e6 8. Be2 exd5 9. cxd5 b5 10. e5 Nfd7 11. Bxb5 dxe5 12. O-O Qb6 13. a4 exf4 14. Bxf4 a6 15. a5 Qb7 16. Bxd7 Nxd7 17. Qd2 Nf6 18. Be5 Bg4 19. Ra4 Bxf3 20. Rxf3 Qe7 21. Bxf6 Bxf6 22. d6 Qe5 23. Re4 Qg5 24. Qxg5 Bxg5 25. Re5 Bc1 26. Na4 Rfd8 27. Rxc5 Bd2 28. Rd5 Bb4 29. d7 Ra7 30. Rb3 Be7 31. Nb6 Kf8 32. Rc3 1-0

[Event "Corr"]
[Site "?"]
[Date "2000.??.??"]
[Round "?"]
[White "Mercadal Benejam Josep"]
[Black "Khlusevich Sergey O"]
[Result "1/2-1/2"]
[WhiteElo "2515"]
[BlackElo "2640"]
[PlyCount "81"]
[EventDate "2000.??.??"]
[Source "www.chesslib.no"]
[SourceDate "2004.05.04"]

1. d4 Nf6 2. c4 g6 3. Nc3 Bg7 4. e4 d6 5. f4 O-O 6. Nf3 c5 7. d5 e6 8. Be2 exd5 9. cxd5 Bg4 10. O-O Nbd7 11. Re1 Re8 12. h3 Bxf3 13. Bxf3 Qa5 14. Be3 b5 15. a3 Nb6 16. e5 Nc4 17. exf6 Nxe3 18. Rxe3 Rxe3 19. fxg7 Rae8 20. f5 b4 21. axb4 Qxb4 22. Qd2 Qh4 23. fxg6 hxg6 24. Nb5 Rxf3 25. gxf3 Re5 26. f4 Qg3+ 27. Qg2 Qxf4 28. Rf1 Qe3+ 29. Kh1 Rg5 30. Qf3 Qxf3+ 31. Rxf3 Rxd5 32. Rf6 Rd3 33. Kg2 Kxg7 34. Rf3 Rd2+ 35. Rf2 Rd3 36. Nxa7 f5 37. Nc6 Kf6 38. b4 g5 39. b5 Rb3 40. Rd2 Ke6 41. Nd8+ 1/2-1/2

[Event "Reggio Emilia"]
[Site "?"]
[Date "1986.??.??"]
[Round "?"]
[White "Nogueiras, J."]
[Black "Velimirovic, D."]
[Result "1/2-1/2"]
[WhiteElo "2570"]
[BlackElo "2570"]
[PlyCount "65"]
[EventDate "1986.??.??"]
[Source "ChessBase"]
[SourceDate "1987.01.01"]

1. d4 c5 2. d5 g6 3. e4 Bg7 4. c4 d6 5. Nc3 Nf6 6. f4 O-O 7. Nf3 e6 8. Be2 exd5 9. cxd5 Bg4 10. O-O Nbd7 11. h3 Bxf3 12. Bxf3 a6 13. g4 Ne8 14. g5 Nc7 15. Bg4 Nb5 16. e5 Nxc3 17. bxc3 dxe5 18. f5 e4 19. f6 Nxf6 20. gxf6 Bxf6 21. Bh6 Qd6 22. Rxf6 Qxf6 23. Qd2 Rad8 24. Rd1 Rfe8 25. d6 e3 26. Bxe3 Rxd6 27. Qxd6 Qxd6 28. Rxd6 Rxe3 29. Rb6 Rxc3 30. Rxb7 Rc1+ 31. Kg2 Rc2+ 32. Kg3 Rxa2 33. Rc7 1/2-1/2

[Event "ch-FRA"]
[Site "Val d'Isere"]
[Date "2004.08.23"]
[Round "8"]
[White "Vaisser, Anatoli"]
[Black "Nataf, Igor Alexandre"]
[Result "1-0"]
[WhiteElo "2580"]
[BlackElo "2553"]
[PlyCount "143"]
[EventDate "2004.08.16"]
[Source "Roberto Alvarez"]
[SourceDate "2004.09.06"]

1. d4 Nf6 2. c4 g6 3. Nc3 Bg7 4. e4 d6 5. f4 c5 6. d5 O-O 7. Nf3 e6 8. Be2 exd5 9. cxd5 Bg4 10. O-O Nbd7 11. Re1 Ne8 12. Ng5 Bxe2 13. Rxe2 Nc7 14. Qd3 a6 15. a4 h6 16. Nf3 b5 17. e5 c4 18. Qc2 dxe5 19. d6 Ne6 20. fxe5 b4 21. Nd5 Nxe5 22. Rxe5 Qxd6 23. Qe4 Bxe5 24. Qxe5 Qxe5 25. Nxe5 Rfd8 26. Nc6 Rd6 27. Be3 Kg7 28. Nb6 Re8 29. Nxb4 Nd4 30. Nxc4 Rdd8 31. Kf2 Nf5 32. Bb6 Rc8 33. b3 Re6 34. Nd5 h5 35. Re1 Rxe1 36. Kxe1 h4 37. Nc7 h3 38. g4 Nh6 39. Ne3 f5 40. gxf5 gxf5 41. b4 Ng4 42. Nxf5+ Kf6 43. Nd6 Rg8 44. Bg1 Ke5 45. Nc4+ Ke4 46. Ke2 Nf6 47. Nd2+ Kf5 48. Nf3 Rg2+ 49. Bf2 Ke4 50. Nxa6 Ng4 51. Nc5+ Kd5 52. Nd3 Kc4 53. b5 Nxf2 54. Nxf2 Kb4 55. b6 Rg7 56. Ne5 Kxa4 57. Nc4 Kb5 58. b7 Rg8 59. Nd6+ Kc6 60. Nfe4 Rg2+ 61. Kd3 Rb2 62. Nc4 Rb3+ 63. Kc2 Rb5 64. Ned6 Rb4 65. Kc3 Rb1 66. Na3 Rb6 67. Ndc4 Rxb7 68. Na5+ Kd5 69. Nxb7 Ke4 70. Nc2 Kf3 71. Ne1+ Kf2 72. Kd3 1-0

[Event "Dresden zt"]
[Site "Dresden"]
[Date "1998.??.??"]
[Round "2"]
[White "Jussupow, Artur"]
[Black "Uhlmann, Wolfgang"]
[Result "1-0"]
[WhiteElo "2630"]
[BlackElo "2495"]
[PlyCount "79"]
[EventDate "1998.04.28"]
[Source "ChessBase"]
[SourceDate "1998.08.06"]

1. d4 Nf6 2. c4 g6 3. Nc3 Bg7 4. e4 d6 5. f4 O-O 6. Nf3 c5 7. d5 a6 8. a4 e6 9. Be2 exd5 10. cxd5 Re8 11. Nd2 Ng4 12. Nc4 Bxc3+ 13. bxc3 Rxe4 14. O-O f5 15. a5 Nf6 16. Rb1 Rxc4 17. Bxc4 Qxa5 18. Be2 b5 19. c4 b4 20. Bb2 Qd8 21. Bd3 Nbd7 22. Qe1 Nf8 23. Qh4 Kf7 24. g4 Bd7 25. Qh6 Bc8 26. Rbe1 Ra7 27. g5 Nh5 28. Be2 Kg8 29. Bxh5 gxh5 30. Bf6 Qd7 31. Re7 Qxe7 32. Bxe7 Rxe7 33. Qxd6 Re4 34. Qxc5 Bd7 35. Qxb4 Bb5 36. Rc1 Rxf4 37. Qb3 Bd7 38. c5 Rg4+ 39. Kh1 Ba4 40. Qf3 1-0

[Event "Platonov Memorial"]
[Site "Kiev UKR"]
[Date "1995.??.??"]
[Round "7"]
[White "Komarov, Dimitri"]
[Black "Frolov, Artur"]
[Result "1-0"]
[WhiteElo "2575"]
[BlackElo "2545"]
[PlyCount "53"]
[EventDate "1995.??.??"]
[Source "www.chesslib.no"]
[SourceDate "2004.05.04"]

1. d4 Nf6 2. c4 g6 3. Nc3 Bg7 4. e4 d6 5. f4 c5 6. d5 O-O 7. Nf3 e6 8. Be2 exd5 9. cxd5 b5 10. e5 Nfd7 11. Bxb5 dxe5 12. O-O Ba6 13. a4 Bxb5 14. axb5 Re8 15. Re1 exf4 16. Bxf4 Nf6 17. Rxe8+ Qxe8 18. b6 a6 19. Qb3 Qd7 20. Bc7 Ne8 21. d6 Nc6 22. b7 Rb8 23. Bxb8 Nxb8 24. Rd1 Nxd6 25. Qd5 Bf8 26. Ne4 Qxb7 27. Nxd6 1-0

[Event "Creon op-6"]
[Site "Creon"]
[Date "2001.??.??"]
[Round "8"]
[White "Komljenovic, Davor"]
[Black "Delchev, Aleksander"]
[Result "0-1"]
[WhiteElo "2475"]
[BlackElo "2625"]
[PlyCount "42"]
[EventDate "2001.07.30"]
[Source "www.chesslib.no"]
[SourceDate "2004.05.04"]

1. d4 Nf6 2. c4 g6 3. Nc3 Bg7 4. e4 d6 5. f4 O-O 6. Nf3 c5 7. d5 e6 8. Be2 exd5 9. cxd5 Bg4 10. O-O Nbd7 11. h3 Bxf3 12. Bxf3 Re8 13. Re1 Qa5 14. Be3 b5 15. a3 Nb6 16. e5 Nc4 17. exf6 Bxf6 18. Bc1 Bxc3 19. bxc3 Qxc3 20. Rxe8+ Rxe8 21. Kh2 Qxa1 0-1

[Event "Elista ol (Men)"]
[Site "Elista"]
[Date "1998.10.01"]
[Round "3"]
[White "Lautier, Joel"]
[Black "Temirbaev, Serik"]
[Result "1/2-1/2"]
[WhiteElo "2625"]
[BlackElo "2475"]
[PlyCount "59"]
[EventDate "1998.09.29"]
[Source "ChessBase"]
[SourceDate "1998.11.06"]

1. d4 Nf6 2. c4 g6 3. Nc3 Bg7 4. e4 d6 5. f4 O-O 6. Nf3 c5 7. d5 e6 8. Be2 exd5 9. cxd5 Bg4 10. O-O Nbd7 11. Re1 Re8 12. h3 Bxf3 13. Bxf3 c4 14. Be3 Qa5 15. Kh1 Nc5 16. Bxc5 Qxc5 17. e5 dxe5 18. fxe5 Nd7 19. e6 fxe6 20. Rxe6 Ne5 21. Qe2 Rad8 22. Bg4 Rxe6 23. Bxe6+ Kh8 24. Ne4 Qe7 25. Rf1 h6 26. Qe3 b6 27. Rf4 Rf8 28. Rxf8+ Bxf8 29. b3 b5 30. bxc4 1/2-1/2

[Event "Plzen m"]
[Site "?"]
[Date "2000.??.??"]
[Round "1"]
[White "Stocek Jiri"]
[Black "Babula Vlastimil"]
[Result "1/2-1/2"]
[WhiteElo "2515"]
[BlackElo "2580"]
[PlyCount "164"]
[EventDate "2000.??.??"]
[Source "www.chesslib.no"]
[SourceDate "2004.05.04"]

1. d4 Nf6 2. c4 g6 3. Nc3 Bg7 4. e4 d6 5. f4 c5 6. d5 O-O 7. Nf3 e6 8. Be2 exd5 9. cxd5 b5 10. e5 Nfd7 11. O-O dxe5 12. Bxb5 a6 13. Be2 Re8 14. Ne4 Qb6 15. Nfd2 exf4 16. Nc4 Qd8 17. Ned6 Rf8 18. Nxc8 Qxc8 19. Bxf4 Qd8 20. Qb3 Nf6 21. Bf3 Nbd7 22. Rad1 h5 23. h3 Nh7 24. d6 Rb8 25. Qc2 Re8 26. Bd5 Nhf8 27. Bg3 Ne6 28. Qf2 Rf8 29. Bxe6 fxe6 30. Qe2 Bd4+ 31. Kh1 Rxf1+ 32. Rxf1 Qe8 33. Bh4 e5 34. Be7 Kg7 35. b3 Qg8 36. Qe4 Qe6 37. Nd2 a5 38. Qc6 Rb6 39. Qc7 a4 40. Ne4 axb3 41. Bf6+ Kh6 42. Bg5+ Kg7 43. Nf6 Rxd6 44. axb3 Rc6 45. Ne8+ Kh7 46. Qd8 e4 47. Nc7 Rxc7 48. Qxc7 e3 49. Bxe3 Bxe3 50. Re1 Qxb3 51. Qxd7+ Kh6 52. Qe8 Bd4 53. Qf8+ Bg7 54. Qxc5 Qc3 55. Qe7 Qd4 56. Re2 Qf4 57. Qe3 Qxe3 58. Rxe3 Bd4 59. Re4 Bc3 60. Kh2 Kg7 61. Kg3 Kf7 62. Kf4 Bd2+ 63. Ke5 Bc3+ 64. Kd6 Bb2 65. Rf4+ Kg8 66. Ke6 Bc3 67. Rc4 Bb2 68. Rb4 Bc3 69. Rb8+ Kg7 70. Rb7+ Kg8 71. Rd7 Bb2 72. h4 Bc3 73. g3 Bb2 74. Rd2 Bc3 75. Rc2 Ba1 76. Ra2 Bc3 77. Rc2 Ba1 78. Rg2 Kg7 79. g4 hxg4 80. Rxg4 Kh6 81. Kf7 Kh5 82. Rxg6 Kxh4 1/2-1/2

[Event "Groningen Open"]
[Site "Groningen NED"]
[Date "1993.??.??"]
[Round "7"]
[White "Vaisser, Anatoli V"]
[Black "Berelovich, Aleksandar"]
[Result "1-0"]
[WhiteElo "2570"]
[BlackElo "2510"]
[PlyCount "65"]
[EventDate "1993.12.??"]
[Source "www.chesslib.no"]
[SourceDate "2004.05.04"]

1. d4 Nf6 2. c4 c5 3. d5 g6 4. Nc3 d6 5. e4 Bg7 6. f4 O-O 7. Nf3 e6 8. Be2 exd5 9. cxd5 Bg4 10. O-O Nbd7 11. Re1 Re8 12. h3 Bxf3 13. Bxf3 Rc8 14. Kh1 a6 15. a4 c4 16. Be3 Nc5 17. Bxc5 Rxc5 18. e5 dxe5 19. fxe5 Nd7 20. e6 Ne5 21. exf7+ Kxf7 22. Ne4 Rc8 23. Bg4 Nxg4 24. Qxg4 Kg8 25. d6 Rc6 26. Rad1 Re5 27. Rd5 Re8 28. Qe2 Re6 29. Qd2 h6 30. d7 Re7 31. Nc5 c3 32. bxc3 Bxc3 33. Rxe7 1-0

[Event "Bad Lauterberg"]
[Site "Bad Lauterberg"]
[Date "1977.??.??"]
[Round "4"]
[White "Sosonko, Gennadi"]
[Black "Liberzon, Vladimir M"]
[Result "1/2-1/2"]
[WhiteElo "2530"]
[BlackElo "2550"]
[PlyCount "35"]
[EventDate "1977.03.??"]
[Source "www.chesslib.no"]
[SourceDate "2004.05.04"]

1. d4 Nf6 2. c4 g6 3. Nc3 Bg7 4. e4 d6 5. f4 c5 6. d5 O-O 7. Nf3 e6 8. Be2 exd5 9. cxd5 b5 10. e5 dxe5 11. fxe5 Ng4 12. Bg5 Qb6 13. O-O Nd7 14. e6 fxe6 15. dxe6 Qxe6 16. Nxb5 Ba6 17. Nc7 Qxe2 18. Nxa6 1/2-1/2

[Event "FRA-ch"]
[Site "Meribel"]
[Date "1998.08.17"]
[Round "4"]
[White "Chabanon, Jean Luc"]
[Black "Degraeve, Jean Marc"]
[Result "1-0"]
[WhiteElo "2490"]
[BlackElo "2580"]
[PlyCount "80"]
[EventDate "1998.08.14"]
[Source "ChessBase"]
[SourceDate "1998.11.30"]

1. d4 Nf6 2. c4 g6 3. Nc3 Bg7 4. e4 d6 5. f4 O-O 6. Nf3 c5 7. d5 e6 8. Be2 exd5 9. cxd5 Bg4 10. O-O Nbd7 11. Re1 Ne8 12. Ng5 Bxe2 13. Rxe2 a6 14. a4 Nc7 15. Qd3 Nf6 16. b3 b5 17. Bb2 bxa4 18. Nxa4 Rb8 19. Nf3 Re8 20. g3 Qd7 21. Rd1 Qb5 22. Bxf6 Bxf6 23. e5 Nxd5 24. Qxd5 Qxe2 25. exf6 Qe3+ 26. Kg2 Re6 27. Rd2 Rxf6 28. Nb2 Qxb3 29. Nc4 Qb7 30. Qg5 Rf5 31. Qh4 Rd5 32. Rf2 Re8 33. f5 Qe7 34. f6 Qf8 35. Nb6 Rh5 36. Qc4 Rd8 37. g4 d5 38. Qf4 g5 39. Qc7 Rh6 40. Ne5 Rb8 1-0

[Event "ch-RUS Boys u20"]
[Site "St Petersburg RUS"]
[Date "2008.03.15"]
[Round "8"]
[White "Popov, Iv RUS"]
[Black "Chadaev, N."]
[Result "1/2-1/2"]
[WhiteElo "2595"]
[BlackElo "2471"]
[PlyCount "93"]
[EventDate "2008.03.08"]
[Source "www.chesslib.no"]
[SourceDate "2004.05.04"]

1. d4 Nf6 2. c4 g6 3. Nc3 Bg7 4. e4 d6 5. f4 O-O 6. Nf3 c5 7. d5 e6 8. Be2 exd5 9. cxd5 Bg4 10. O-O Bxf3 11. Bxf3 Nbd7 12. Be3 a6 13. a4 Ne8 14. Qc2 Rb8 15. Rab1 b5 16. axb5 axb5 17. b4 c4 18. Ne2 Ra8 19. Nd4 Nc7 20. Nc6 Qe8 21. e5 Ra3 22. Rbe1 Kh8 23. Qc1 Rd3 24. exd6 Nxd5 25. Bc5 Qa8 26. Ne7 Nxc5 27. bxc5 Qa7 28. Nxd5 Qxc5+ 29. Kh1 Rxf3 30. Rxf3 Qxd5 31. Rd1 Qc6 32. f5 Rd8 33. Qa3 Kg8 34. fxg6 hxg6 35. Qe3 Rxd6 36. Rxd6 Qxd6 37. Qe8+ Qf8 38. Qxb5 c3 39. Qc4 Qe8 40. g3 Qd7 41. Kg2 Qb7 42. g4 Be5 43. g5 Kg7 44. h4 Qb2+ 45. Rf2 Qb7+ 46. Rf3 Qb2+ 47. Rf2 1/2-1/2

[Event "Korinthos op"]
[Site "Korinthos"]
[Date "1998.??.??"]
[Round "7"]
[White "Banikas, Hristos"]
[Black "Kotronias, Vasilios"]
[Result "1/2-1/2"]
[WhiteElo "2495"]
[BlackElo "2570"]
[PlyCount "69"]
[EventDate "1998.07.20"]
[Source "www.chesslib.no"]
[SourceDate "2004.05.04"]

1. d4 Nf6 2. c4 g6 3. Nc3 Bg7 4. e4 d6 5. f4 O-O 6. Nf3 c5 7. d5 e6 8. Be2 exd5 9. cxd5 Bg4 10. O-O Nbd7 11. Re1 Re8 12. h3 Bxf3 13. Bxf3 Qa5 14. Be3 b5 15. a3 Nb6 16. e5 Nfd7 17. e6 Nc4 18. exd7 Rxe3 19. Rxe3 Nxe3 20. Qe2 Qd8 21. Qxb5 Rb8 22. Qc6 Rxb2 23. Rc1 Rb6 24. Nb5 Rxc6 25. dxc6 a6 26. Nxd6 Qb6 27. Ne8 Qb2 28. Rd1 Nxd1 29. d8=Q Bd4+ 30. Kh2 Ne3 31. Nd6+ Kg7 32. Ne8+ Kg8 33. h4 Qf2 34. Kh3 Qg1 35. Nd6+ 1/2-1/2

[Event "Ponferrada Open"]
[Site "Ponferrada"]
[Date "1991.??.??"]
[Round "?"]
[White "Moskalenko, Viktor"]
[Black "Ubilava, Elizbar E"]
[Result "1/2-1/2"]
[WhiteElo "2525"]
[BlackElo "2535"]
[PlyCount "60"]
[EventDate "1991.??.??"]
[Source "www.chesslib.no"]
[SourceDate "2004.05.04"]

1. d4 Nf6 2. c4 g6 3. Nc3 Bg7 4. e4 d6 5. f4 O-O 6. Nf3 c5 7. d5 a6 8. a4 e6 9. Be2 exd5 10. cxd5 Bg4 11. O-O Nbd7 12. h3 Bxf3 13. Bxf3 c4 14. Be3 Qa5 15. Re1 Nc5 16. Bxc5 Qxc5+ 17. Kh1 Nd7 18. Bg4 Rad8 19. Bxd7 Rxd7 20. Qf3 Re8 21. Re2 b5 22. axb5 axb5 23. e5 dxe5 24. fxe5 Bxe5 25. Ne4 Qxd5 26. Nf6+ Bxf6 27. Rxe8+ Kg7 28. Qf4 Rd8 29. Re2 b4 30. Rf1 Rd6 1/2-1/2

[Event "MTO"]
[Site "Biel"]
[Date "2003.07.31"]
[Round "10"]
[White "Cebalo, Miso"]
[Black "Shchekachev, Andrei"]
[Result "0-1"]
[WhiteElo "2510"]
[BlackElo "2550"]
[PlyCount "86"]
[EventDate "2003.07.19"]
[Source "Roberto Alvarez"]
[SourceDate "2003.07.28"]

1. d4 Nf6 2. c4 g6 3. Nc3 Bg7 4. e4 d6 5. f4 c5 6. d5 O-O 7. Nf3 e6 8. Be2 exd5 9. cxd5 Bg4 10. O-O Nbd7 11. Re1 Re8 12. h3 Bxf3 13. Bxf3 Qa5 14. Be3 b5 15. a3 b4 16. axb4 Qxb4 17. Qc2 Nb6 18. Bf2 Nfd7 19. Re2 a5 20. Na4 Reb8 21. e5 Qxf4 22. Re4 Qg5 23. exd6 Ne5 24. Ra3 Nxa4 25. Qxa4 Rxb2 26. d7 Qd2 27. Be2 Qxd5 28. Rd3 Nxd3 29. Re8+ Bf8 30. Bf3 Qd6 31. Rxa8 Rb1+ 32. Bd1 Nb2 33. d8=Q Qxd8 34. Rxd8 Nxa4 35. Kh2 Nb6 36. Bc2 Rb2 37. Bxc5 Nd7 38. Bxf8 Nxf8 39. Be4 Rb5 40. Ra8 Kg7 41. Ra7 Rc5 42. Bb1 Ne6 43. Ba2 Nc7 0-1

[Event "4 Open"]
[Site "Lido Estensi"]
[Date "2003.06.14"]
[Round "8"]
[White "Cebalo, Miso"]
[Black "Timoscenko, Genadij"]
[Result "1/2-1/2"]
[WhiteElo "2524"]
[BlackElo "2533"]
[PlyCount "54"]
[EventDate "2003.06.06"]
[Source "Roberto Alvarez"]
[SourceDate "2003.06.23"]

1. d4 Nf6 2. c4 g6 3. Nc3 Bg7 4. e4 d6 5. f4 O-O 6. Nf3 c5 7. d5 e6 8. Be2 exd5 9. cxd5 Bg4 10. O-O Nbd7 11. Re1 Re8 12. h3 Bxf3 13. Bxf3 c4 14. Be3 Qa5 15. Kh1 Nc5 16. Bxc5 Qxc5 17. e5 dxe5 18. fxe5 Nd7 19. e6 Ne5 20. exf7+ Nxf7 21. Ne4 Qb4 22. d6 Rad8 23. Re2 Re5 24. a3 Qb6 25. Rd2 Bh6 26. Re2 Bg7 27. Rd2 Bh6 1/2-1/2

[Event "Las Palmas Open"]
[Site "Las Palmas ESP"]
[Date "1995.??.??"]
[Round "7"]
[White "Vaisser, Anatoli V"]
[Black "Hernandez, Gilberto"]
[Result "1/2-1/2"]
[WhiteElo "2540"]
[BlackElo "2510"]
[PlyCount "189"]
[EventDate "1995.11.??"]
[Source "www.chesslib.no"]
[SourceDate "2004.05.04"]

1. d4 Nf6 2. c4 g6 3. Nc3 Bg7 4. e4 d6 5. f4 O-O 6. Nf3 c5 7. d5 e6 8. Be2 exd5 9. cxd5 Bg4 10. O-O Nbd7 11. Re1 Re8 12. h3 Bxf3 13. Bxf3 Qa5 14. Be3 b5 15. a3 Rab8 16. Bf2 h6 17. e5 dxe5 18. fxe5 Rxe5 19. Rxe5 Nxe5 20. Be2 c4 21. Qd4 b4 22. Qxa7 Ra8 23. Qxa5 Rxa5 24. Bb6 Ra8 25. Nb5 Nxd5 26. Bd4 Nf4 27. Kf1 Ra5 28. Bxe5 Bxe5 29. Bxc4 Bxb2 30. Rd1 bxa3 31. Rd8+ Kh7 32. Rd7 Rxb5 33. Rxf7+ Bg7 34. Bxb5 a2 35. Ra7 a1=Q+ 36. Rxa1 Bxa1 37. Kf2 Kg7 38. Kf3 Ne6 39. Bd3 Kf6 40. h4 Bc3 41. Bc4 Ng7 42. Kg4 Be1 43. Bd3 h5+ 44. Kh3 Nf5 45. g4 hxg4+ 46. Kxg4 Nxh4 47. Bb5 Nf5 48. Be8 Nh6+ 49. Kf3 g5 50. Bd7 Bd2 51. Kg3 Ke5 52. Kf3 Kf6 53. Ke2 Bc1 54. Kf3 Nf7 55. Ke4 Ne5 56. Bb5 Bf4 57. Ba4 Bh2 58. Bb5 g4 59. Ba6 Kg5 60. Bb7 Nf7 61. Ke3 Bg1+ 62. Ke2 Nd6 63. Ba8 Kf4 64. Kf1 Bd4 65. Kg2 Nf5 66. Bb7 Nh4+ 67. Kf1 Kg3 68. Bc8 Nf3 69. Bd7 Ne5 70. Bc8 Kh2 71. Bb7 g3 72. Ba8 Ng4 73. Ke2 g2 74. Bxg2 Kxg2 75. Kd3 Be5 76. Ke4 Kg3 77. Kd5 Kf4 78. Kc5 Ke4 79. Kc6 Kd4 80. Kb5 Kd5 81. Kb6 Bd6 82. Kb7 Kc5 83. Ka6 Ne5 84. Kb7 Kb5 85. Ka7 Kc6 86. Ka8 Bc5 87. Kb8 Nd7+ 88. Ka8 Nb6+ 89. Kb8 Bd6+ 90. Ka7 Nc4 91. Ka8 Nb6+ 92. Ka7 Be5 93. Ka6 Bb8 94. Ka5 Bd6 95. Ka6 1/2-1/2

[Event "Capablanca mem-A"]
[Site "Havana"]
[Date "1990.??.??"]
[Round "?"]
[White "Ruban, Vadim"]
[Black "Gruenberg, Hans Ulrich"]
[Result "1/2-1/2"]
[WhiteElo "2565"]
[BlackElo "2475"]
[PlyCount "23"]
[EventDate "1990.??.??"]
[Source "www.chesslib.no"]
[SourceDate "2004.05.04"]

1. d4 Nf6 2. c4 g6 3. Nc3 Bg7 4. e4 d6 5. f4 O-O 6. Nf3 c5 7. d5 e6 8. Be2 exd5 9. cxd5 Bg4 10. O-O Nbd7 11. h3 Bxf3 12. Bxf3 1/2-1/2

[Event "FRA-chT9697 groupe B"]
[Site "France"]
[Date "1997.??.??"]
[Round "3"]
[White "Vaisser, Anatoli"]
[Black "David, Alberto"]
[Result "0-1"]
[WhiteElo "2580"]
[BlackElo "2455"]
[PlyCount "94"]
[EventDate "1997.??.??"]
[Source "www.chesslib.no"]
[SourceDate "2004.05.04"]

1. d4 Nf6 2. c4 g6 3. Nc3 Bg7 4. e4 d6 5. f4 c5 6. d5 O-O 7. Nf3 e6 8. Be2 exd5 9. cxd5 Bg4 10. O-O Nbd7 11. Re1 Re8 12. h3 Bxf3 13. Bxf3 Qa5 14. g4 h6 15. h4 c4 16. g5 hxg5 17. hxg5 Nh7 18. Be3 Nc5 19. Bxc5 Qxc5+ 20. Kg2 b5 21. Rc1 a5 22. Qe2 a4 23. a3 b4 24. Na2 bxa3 25. Rxc4 Qb5 26. bxa3 Qb3 27. Nb4 Qxa3 28. Nc6 Qb3 29. Rb4 Qc3 30. Rc4 Qb3 31. Qc2 Qxc2+ 32. Rxc2 a3 33. Ree2 Nf8 34. e5 Nd7 35. Ra2 Bh8 36. Re3 dxe5 37. fxe5 Bxe5 38. Rexa3 Rxa3 39. Rxa3 Bd6 40. Ra7 Ne5 41. Rb7 Nd3 42. Nd4 Re5 43. Rd7 Bc5 44. Nb3 Be3 45. d6 Rxg5+ 46. Kh3 Nf2+ 47. Kh4 Bf4 0-1

[Event "Elista ol (Men)"]
[Site "Elista"]
[Date "1998.10.10"]
[Round "11"]
[White "Lalic, Bogdan"]
[Black "Zapata, Alonso"]
[Result "1-0"]
[WhiteElo "2560"]
[BlackElo "2470"]
[PlyCount "73"]
[EventDate "1998.09.29"]
[Source "ChessBase"]
[SourceDate "1998.11.06"]

1. d4 Nf6 2. c4 g6 3. Nc3 Bg7 4. e4 d6 5. f4 c5 6. d5 O-O 7. Nf3 e6 8. Be2 exd5 9. cxd5 Bg4 10. O-O Re8 11. h3 Bxf3 12. Bxf3 Nbd7 13. Re1 Qa5 14. Be3 b5 15. a3 Nb6 16. e5 dxe5 17. fxe5 Rxe5 18. Bxc5 Rxe1+ 19. Qxe1 Re8 20. Qf2 Nfd7 21. Bb4 Qa6 22. d6 Re5 23. Kh1 Nc4 24. a4 Bf8 25. Rd1 Qb6 26. Qxb6 axb6 27. b3 Ne3 28. Rc1 bxa4 29. bxa4 Nf5 30. Nb5 Re8 31. Rc7 Rd8 32. Bd5 Ne5 33. Bc3 Nd7 34. Bc6 Nb8 35. Bf6 Nxc6 36. Rxc6 Rd7 37. Rc7 1-0

[Event "Corr"]
[Site "?"]
[Date "2001.??.??"]
[Round "?"]
[White "Mercadal Benejam Josep"]
[Black "Jorgensen Arne Bjorn"]
[Result "1/2-1/2"]
[WhiteElo "2519"]
[BlackElo "2510"]
[PlyCount "88"]
[EventDate "2001.??.??"]
[Source "www.chesslib.no"]
[SourceDate "2004.05.04"]

1. d4 Nf6 2. c4 g6 3. Nc3 Bg7 4. e4 d6 5. f4 O-O 6. Nf3 c5 7. d5 e6 8. Be2 exd5 9. cxd5 Bg4 10. O-O Nbd7 11. Re1 Re8 12. h3 Bxf3 13. Bxf3 Qa5 14. Be3 b5 15. a3 b4 16. axb4 Qxb4 17. Qc2 Nb6 18. Bf2 Nfd7 19. Re2 a5 20. Rae1 a4 21. e5 dxe5 22. d6 Rac8 23. Bb7 Rcd8 24. Bc6 Qxf4 25. Ne4 Rc8 26. Bxa4 f5 27. g3 Qh6 28. Nxc5 Kh8 29. Qd1 Rcd8 30. Bc6 Qxh3 31. Nb7 Rb8 32. Bxb6 Nxb6 33. Bxe8 Rxe8 34. Rg2 Nd7 35. Qf3 f4 36. Rh2 Qf5 37. gxf4 Rb8 38. Rf2 exf4 39. Qxf4 Qd5 40. Qe4 Qg5+ 41. Kh1 Nf6 42. Qc6 Qh4+ 43. Kg2 Qg4+ 44. Kf1 Qh3+ 1/2-1/2

[Event "Corr"]
[Site "?"]
[Date "2000.09.25"]
[Round "?"]
[White "Mercadal Benejam Jose (ESP)"]
[Black "Salceanu Vladimir"]
[Result "1/2-1/2"]
[WhiteElo "2514"]
[BlackElo "2512"]
[PlyCount "63"]
[EventDate "2000.??.??"]
[Source "www.chesslib.no"]
[SourceDate "2004.05.04"]

1. d4 Nf6 2. c4 g6 3. Nc3 Bg7 4. e4 d6 5. f4 O-O 6. Nf3 c5 7. d5 e6 8. Be2 exd5 9. cxd5 Qe7 10. e5 Ne8 11. O-O Nd7 12. Bb5 dxe5 13. Bxd7 Bxd7 14. fxe5 Bg4 15. Bf4 Bxf3 16. Rxf3 Bxe5 17. Re3 f6 18. Bxe5 fxe5 19. Qe2 Nd6 20. Rxe5 Qf6 21. Rd1 Nf5 22. d6 Nd4 23. Qc4+ Kh8 24. Ree1 Rae8 25. Ne4 Qf5 26. Qd3 Kg7 27. Re3 a5 28. Rde1 b6 29. b3 Qd5 30. Qd1 Rd8 31. Qa1 Rf4 32. Qc3 1/2-1/2

[Event "Corr"]
[Site "?"]
[Date "1996.??.??"]
[Round "?"]
[White "Merilo Jaan"]
[Black "Alvarez Rouchaud Carlos Alber"]
[Result "1-0"]
[WhiteElo "2548"]
[BlackElo "2473"]
[PlyCount "53"]
[EventDate "1996.??.??"]
[Source "www.chesslib.no"]
[SourceDate "2004.05.04"]

1. d4 Nf6 2. c4 g6 3. Nc3 Bg7 4. e4 d6 5. f4 O-O 6. Nf3 c5 7. d5 e6 8. Be2 exd5 9. cxd5 Bg4 10. O-O Nbd7 11. h3 Bxf3 12. Bxf3 Re8 13. g4 h6 14. h4 h5 15. g5 Ng4 16. Bxg4 hxg4 17. Re1 Qa5 18. Bd2 c4 19. Rb1 b5 20. e5 b4 21. Ne4 dxe5 22. Qxg4 Nb6 23. f5 Nxd5 24. f6 c3 25. bxc3 bxc3 26. Nxc3 Qc5+ 27. Kf1 1-0

[Event "Tunis op 4th"]
[Site "Tunis"]
[Date "2000.??.??"]
[Round "5"]
[White "Flear, Glenn C"]
[Black "Maiwald, Jens Uwe"]
[Result "1/2-1/2"]
[WhiteElo "2480"]
[BlackElo "2529"]
[PlyCount "38"]
[EventDate "2000.11.07"]
[Source "ChessBase"]
[SourceDate "2001.01.11"]

1. d4 Nf6 2. c4 g6 3. Nc3 Bg7 4. e4 d6 5. f4 O-O 6. Nf3 c5 7. d5 e6 8. Be2 exd5 9. cxd5 Bg4 10. O-O Nbd7 11. Re1 Bxf3 12. Bxf3 Ne8 13. Re2 Nc7 14. a4 a6 15. Qe1 Re8 16. Be3 Rb8 17. Bf2 f6 18. Rb1 a5 19. Ra1 b5 1/2-1/2

[Event "Corr"]
[Site "?"]
[Date "2001.12.31"]
[Round "?"]
[White "Mercadal Benejam Josep"]
[Black "Hervet Gilles"]
[Result "1/2-1/2"]
[WhiteElo "2551"]
[BlackElo "2455"]
[PlyCount "60"]
[EventDate "2001.??.??"]
[Source "www.chesslib.no"]
[SourceDate "2004.05.04"]

1. d4 Nf6 2. c4 g6 3. Nc3 Bg7 4. e4 d6 5. f4 O-O 6. Nf3 c5 7. d5 e6 8. Be2 exd5 9. cxd5 Bg4 10. O-O Nbd7 11. Re1 Re8 12. h3 Bxf3 13. Bxf3 Qa5 14. Be3 b5 15. a3 Nb6 16. e5 Nc4 17. exf6 Nxe3 18. Rxe3 Rxe3 19. fxg7 Rae8 20. f5 gxf5 21. Qd2 b4 22. Ne2 c4 23. Ng3 c3 24. bxc3 bxc3 25. Qf2 Qc5 26. Kh2 Qd4 27. Rf1 Qe5 28. Bd1 Rb8 29. Bc2 Rb2 30. Qxf5 Qxg3+ 1/2-1/2